| 000 | 00347nam a22001337a 4500 | ||
|---|---|---|---|
| 082 |
_a516.24 _bHOW |
||
| 100 |
_aB.A, Howard _939398 |
||
| 245 |
_aSchool Trigonometry _cHoward, B.A |
||
| 260 |
_aLondon _bGinn and company Ltd. |
||
| 300 |
_ai-vii, 174p: _bill |
||
| 526 |
_a0 _b0 _c0 _d516_240000000000000_HOW |
||
| 650 |
_aMCE _9379 |
||
| 942 |
_2ddc _cBK |
||
| 999 |
_c543898 _d543898 |
||